General studies (Record no. 519294)

000 -LEADER
fixed length control field 00294nam a22000977a 4500
082 ## - DEWEY DECIMAL CLASSIFICATION NUMBER
Classification number PKP A72 V212r
100 ## - MAIN ENTRY--PERSONAL NAME
Personal name Ravi and Vajiram
9 (RLIN) 30119
245 ## - TITLE STATEMENT
Title General studies
Remainder of title Recital of government schemes
Statement of responsibility, etc by Vajiram and Ravi
260 ## - PUBLICATION, DISTRIBUTION, ETC. (IMPRINT)
Place of publication, distribution, etc New Delhi
Name of publisher, distributor, etc Vajiram and Ravi
Date of publication, distribution, etc 2020-2021
300 ## - PHYSICAL DESCRIPTION
Extent 219p.
Holdings
Withdrawn status Lost status Source of classification or shelving scheme Damaged status Koha normalized classification for sorting Not for loan Permanent location Current location Date acquired Full call number Barcode Date last seen Price effective from Koha item type
        PKP_A72_V212R   Indian Institute of Public Administration Indian Institute of Public Administration 2022-02-22 PKP A72 V212r 88753 2022-02-22 2022-02-22 Book

Powered by Koha